| 000 | 02977nam0a2200421 4500 | ||
|---|---|---|---|
| 001 | RU\NLR\BIBL_A\022212633 | ||
| 005 | 20260407084324.0 | ||
| 010 |
_a978-5-90168-854-0 _9110 |
||
| 035 | _a(NLR Aleph) 022212633 | ||
| 090 |
_a13077829 _c13077829 |
||
| 100 | _a20240503d2024 |||y0rusy50 ca | ||
| 101 | 0 | _arus | |
| 102 | _aRU | ||
| 105 | _aa|||z|||100yy | ||
| 181 | 0 |
_ai _baxxe |
|
| 182 | 0 | _an | |
| 200 | 1 |
_aКузнецовские чтения-2024. Седьмой семинар по проблемам химического осаждения из газовой фазы, 5-7 февраля 2024 года _eпрограмма и сборник тезисов докладов _fСибирское отделение Российской академии наук, Институт неорганической химии им. А. В. Николаева СО РАН, Новосибирск, Научный совет РАН по неорганической химии |
|
| 203 |
_aТекст _bвизуальный _cнепосредственный |
||
| 210 |
_aНовосибирск _cИНХ СО РАН _d2024 |
||
| 215 |
_a85 с. _cил. _d30 |
||
| 300 | _aВ макете загл.: Программа и тезисы докладов "Седьмого семинара по проблемам химического осаждения из газовой фазы" | ||
| 320 | _aБиблиогр. в конце ст. | ||
| 517 | 1 | _aПрограмма и тезисы докладов "Седьмого семинара по проблемам химического осаждения из газовой фазы" | |
| 606 | 1 |
_aОсаждение из растворов _jТезисы докладов _91116357 _3RU\NLR\AUTH\66121999 |
|
| 606 | 1 |
_aТонкие пленки _jТезисы докладов _xОсаждение из газовой фазы _91850870 _3RU\NLR\AUTH\661129986 |
|
| 606 | 1 |
_aЗащитные покрытия _jТезисы докладов _xОсаждение из газовой фазы _92143250 _3RU\NLR\AUTH\661291529 |
|
| 686 | 1 | _aГ562.138я431 | |
| 686 | 1 | _aЗ844.13-060.7я431 | |
| 686 | 1 | _aЗ843.08я431 | |
| 686 | 1 | _aК663.086.2я431 | |
| 711 | 1 | 2 |
_aСеминар по проблемам химического осаждения из газовой фазы _d7 _eНовосибирск _f2024 _9881647 _3RU\NLR\AUTH\880609796 |
| 711 | 1 | 2 |
_aКузнецовские чтения _eНовосибирск _f2024 _9881648 _3RU\NLR\AUTH\880609797 |
| 712 | 0 | 2 |
_4557 _aИнститут неорганической химии им. А. В. Николаева _cНовосибирск _3RU\NLR\AUTH\8810045321 _9590095 |
| 942 | _cBOOK | ||
| 980 | _aNB | ||